000 00372nam a2200157Ia 4500
008 230917s9999||||xx |||||||||||||| ||und||
040 _e159968
_aMAIN
041 _aEnglish
082 _a647.94 A28F
100 _aAbbott, Peter
245 0 _aFront office
250 _a2nd ed.
260 _aBurlington
_bButterworth-Heinemann
_c2007
300 _a211 p.
942 _cBK
999 _c146210
_d146210